Statistics for Big 4 Sports Championship Cities

Click here to take the quiz!

General Stats

  • This quiz has been taken 46,242 times
    (46,226 since last reset)
  • The average score is 26 of 37

Answer Stats

Metro Area Total % Correct
New York / Northern NJ56
99%
Los Angeles22
97%
Boston39
96%
Chicago26
95%
San Francisco Bay Area18
93%
Miami7
93%
Dallas7
92%
Houston3
88%
Philadelphia16
86%
Detroit21
86%
Seattle2
86%
Pittsburgh16
82%
Denver5
80%
Toronto14
80%
Cleveland8
79%
Washington8
79%
Atlanta1
78%
St. Louis14
75%
Phoenix1
74%
Montreal23
73%
San Antonio5
72%
New Orleans1
71%
Tampa2
70%
Baltimore9
68%
Green Bay10
68%
Kansas City3
66%
Minneapolis6
66%
Cincinnati5
63%
Indianapolis1
63%
Portland1
63%
Milwaukee2
53%
Edmonton5
49%
Calgary1
46%
Ottawa1
43%
Raleigh1
32%
Rochester1
10%
Syracuse1
10%

Score Distribution

Percentile by Number Answered

Percent of People with Each Score

Your Score History

You have not taken this quiz since the last reset